| 000 | 01034nam a2200217Ia 4500 | ||
|---|---|---|---|
| 999 |
_c50993 _d50993 |
||
| 001 | 17950 | ||
| 003 | GE_BSU | ||
| 005 | 20200302111456.0 | ||
| 008 | 181216s1966ge xx |||||||||||||| ||geo|| | ||
| 040 | _cGE_BSU | ||
| 041 | _ageo | ||
| 080 | _a811.353.1'01 ს-19 | ||
| 100 |
_aგამოსცა ი. იმნაიშვილმა. _97669 |
||
| 245 |
_aსაკითხავი წიგნი ძველ ქართულ ენაში : _b II. შრომები : ძველი ქართული ენის კათედრის შრომები :10 / _cგამოსცა ი. იმნაიშვილმა. |
||
| 264 |
_aთბილისი ; _bთსუ, _c1966. |
||
| 300 |
_a236 გვ.: _c27 სმ. |
||
| 653 | _aსაკითხავი წიგნი ძველ ქართულ ენაში. | ||
| 653 | _aშრომები | ||
| 653 | _aძველი ქართული ენის კათედრის შრომები | ||
| 942 |
_cBK _2udc |
||